List of Twin-Cities - Statistics

General Stats
  • This quiz has been taken 35 times
    13 since last reset
  • The average score is 15 of 40
Answer Stats
Twin City Other Twin City Country % Correct
Minneapolis Saint Paul USA
100%
Kinshasa Brazzaville DRC/Congo
70%
Dallas Fort Worth USA
70%
Cairo Giza Egypt
70%
Johannesburg Pretoria South Africa
70%
Miami Fort Lauderdale USA
60%
Seoul Incheon South Korea
60%
Tampa St. Petersburg USA
60%
San Diego Tijuana USA/Mexico
60%
Detroit Windsor USA/Canada
60%
Vienna Bratislava Austria/Slovakia
50%
Ciudad Juarez El Paso Mexico/USA
50%
Guangzhou Foshan China
50%
Islamabad Rawalpindi Pakistan
50%
Fort Myers Cape Coral USA
40%
Raleigh Durham USA
40%
Copenhagen Malmo Denmark/Sweden
40%
Taipei New Taipei Taiwan
40%
Busan Ulsan South Korea
40%
Mexicali Calexico Mexico/USA
30%
Mosul Erbil Iraq
30%
New York Jersey City USA
30%
Toronto Mississauga Canada
30%
Osaka Sakai Japan
30%
Portland Vancouver USA
30%
Leeds Bradford UK
20%
Brighton Hove UK
20%
Tel Aviv Jaffa Israel
20%
Laredo Nuevo Laredo USA/Mexico
20%
Bournemouth Poole UK
20%
Southampton Portsmouth UK
20%
Sekondi Takoradi Ghana
20%
Matamoros Brownsville Mexico/USA
10%
Lima Callao Peru
10%
La Serena Coquimbo Chile
10%
Singapore Johor Bahru Singapore/Malaysia
10%
Port Said Port Fuad Egypt
10%
Mumbai Thane India
10%
Xi'an Xianyang China
10%
Valaparaiso Vina del Mar Chile
0%
No matching quizzes found
Score Distribution
Percent of People with Each Score
Percentile by Number Answered
Your Score History
You have not taken this quiz since the last reset